Loading...
| Fine Arts - Visual | 0 | 4 | 0 | 2 | 40 | 85 | 122.50 | 0 | 1 | 2.82 | 8.71 |
| Geography/Current Events | 0 | 3 | 0 | 0 | 30 | 84 | 87.67 | 0 | 2 | 10.70 | 21.70 |
| Philosophy | 0 | 3 | 0 | 2 | 30 | 96 | 115.33 | 0 | 0 | 3.90 | 7.66 |
| Science - Other | 0 | 2 | 0 | 1 | 20 | 93 | 115.00 | 0 | 1 | 2.63 | 9.86 |
| Literature - American | 0 | 2 | 0 | 0 | 20 | 125 | 130.50 | 0 | 0 | 0.92 | 3.01 |
| History - American | 0 | 2 | 1 | 1 | 15 | 102 | 108.50 | 0 | 1 | 1.35 | 5.74 |
| Science - Physics | 0 | 1 | 0 | 0 | 10 | 125 | 125.00 | 0 | 0 | 0.10 | 0.63 |
| History - European | 0 | 1 | 0 | 0 | 10 | 106 | 106.00 | 0 | 0 | 0.54 | 2.84 |
| Literature - British | 0 | 1 | 0 | 0 | 10 | 118 | 118.00 | 0 | 0 | 0.66 | 3.47 |
| Literature - European | 0 | 1 | 0 | 0 | 10 | 133 | 133.00 | 0 | 0 | 0.18 | 0.57 |
| Mythology | 0 | 1 | 0 | 1 | 10 | 148 | 148.00 | 0 | 0 | 0.00 | 0.69 |
| Science - Biology | 0 | 1 | 0 | 0 | 10 | 52 | 52.00 | 1 | 1 | 3.65 | 6.25 |
| History - Other | 0 | 1 | 1 | 0 | 5 | 69 | 69.00 | 0 | 0 | 2.38 | 3.62 |
| Literature - World/Other | 0 | 1 | 1 | 0 | 5 | 137 | 137.00 | 0 | 0 | 0.00 | 2.84 |
| Other Academic | 0 | 0 | 1 | 0 | -5 | 0.00 | 0 | 0 | 0.00 | 0.00 |